U.S. States with Most Biodiversity - Statistics

General Stats
  • This quiz has been taken 19 times
  • The average score is 13 of 15
Answer Stats
Mammals and Birds State Total Species % Correct
195 California 6,717
100%
86 Florida 4,368
100%
159 Texas 6,273
100%
138 Arizona 4,759
94%
150 Oregon 4,136
94%
126 Utah 3,892
94%
92 Georgia 4,436
88%
123 Nevada 3,872
88%
154 New Mexico 4,583
88%
63 Alabama 4,533
81%
107 North Carolina 4,131
81%
76 Tennessee 3,772
81%
80 Virginia 3,803
81%
96 South Carolina 3,701
63%
104 Oklahoma 3,616
50%
No matching quizzes found
Score Distribution
Percent of People with Each Score
Percentile by Number Answered
Your Score History
You have not taken this quiz